Автоматизированные системы управления технологическими процессами. Разработка и реинжиниринг; Главный механик; № 4

Podrobná bibliografie
Parent link:Главный механик.— научно-практический журнал.— .— Москва: ИД Панорама, 2003-.— 2712-9403
№ 4.— 2019.— С. 28-39
Hlavní autor: Зебзеев А. Г. Алексей Григорьевич
Další autoři: Малышенко А. М. Александр Максимович
Shrnutí:Заглавие с экрана
В статье представлены результаты расчета загруженности каналов связи на основе реальных ретроспективных данных нефтедобывающего предприятия Западно-Сибирского региона. Анализ экспериментальных данных показывает многократное сокращение объемов передачи промысловой информации при использовании предлагаемых авторами решений, демонстрируя перспективность их применения в современных системах сбора, обработки и передачи технологических параметров нефтегазодобычи.
The article presents the results on the calculation of the load for communication channels on the basis of real retrospective data of an oil producing enterprise in the West Siberian region. The analysis of experimental data shows multiple reduction in the volume of transmission of field information when using the solutions proposed by the authors, demonstrating the potential of their application in modern systems for collecting, processing and transferring process variables of oil and gas production.
Текстовый файл
Jazyk:ruština
Vydáno: 2019
Témata:
On-line přístup:https://www.elibrary.ru/item.asp?id=37221131
https://panor.ru/articles/avtomatizirovannye-sistemy-upravleniya-tekhnologicheskimi-protsessami-razrabotka-i-reinzhiniring/5688.html
Médium: Elektronický zdroj Kapitola
KOHA link:https://koha.lib.tpu.ru/cgi-bin/koha/opac-detail.pl?biblionumber=661976

MARC

LEADER 00000naa2a2200000 4500
001 661976
005 20250418171549.0
035 |a (RuTPU)RU\TPU\network\33095 
090 |a 661976 
100 |a 20200406d2019 k||y0rusy50 ca 
101 0 |a rus 
102 |a RU 
135 |a drcn ---uucaa 
181 0 |a i   |b  e  
182 0 |a b 
183 0 |a cr  |2 RDAcarrier 
200 1 |a Автоматизированные системы управления технологическими процессами. Разработка и реинжиниринг  |d Automated process control systems. Development and re-engineering  |f А. Г. Зебзеев, А. М. Малышенко 
203 |a Текст  |c электронный  |b визуальный 
283 |a online_resource  |2 RDAcarrier 
300 |a Заглавие с экрана 
320 |a Библиогр.: с. 39 (12 назв.) 
330 |a В статье представлены результаты расчета загруженности каналов связи на основе реальных ретроспективных данных нефтедобывающего предприятия Западно-Сибирского региона. Анализ экспериментальных данных показывает многократное сокращение объемов передачи промысловой информации при использовании предлагаемых авторами решений, демонстрируя перспективность их применения в современных системах сбора, обработки и передачи технологических параметров нефтегазодобычи. 
330 |a The article presents the results on the calculation of the load for communication channels on the basis of real retrospective data of an oil producing enterprise in the West Siberian region. The analysis of experimental data shows multiple reduction in the volume of transmission of field information when using the solutions proposed by the authors, demonstrating the potential of their application in modern systems for collecting, processing and transferring process variables of oil and gas production. 
336 |a Текстовый файл 
461 1 |0 678827  |9 678827  |t Главный механик  |e научно-практический журнал  |c Москва  |n ИД Панорама  |d 2003-  |x 2712-9403  |x 2074-7470 
463 1 |t № 4  |v С. 28-39  |d 2019 
510 1 |a Automated process control systems. Development and re-engineering  |z eng 
610 1 |a электронный ресурс 
610 1 |a труды учёных ТПУ 
610 1 |a разработка 
610 1 |a автоматизированные системы управления технологическими процессами 
610 1 |a передача данных 
610 1 |a непрерывные сигналы 
610 1 |a технологические параметры 
610 1 |a нефтедобыча 
700 1 |a Зебзеев  |b А. Г.  |c специалист в области информатики и вычислительной техники, экономист-менеджер  |c доцент Томского политехнического университета, кандидат технических наук  |f 1987-  |g Алексей Григорьевич  |3 (RuTPU)RU\TPU\pers\47260  |9 22840 
701 1 |a Малышенко  |b А. М.  |c специалист в области информатики и вычислительной техники  |c профессор Томского политехнического университета, доктор технических наук  |c член-корреспондент Академии электротехнических наук РФ  |c действительный член Международной академии наук высшей школы  |f 1937-  |g Александр Максимович  |3 (RuTPU)RU\TPU\pers\21983  |9 9294 
801 2 |a RU  |b 63413507  |c 20220622  |g RCR 
850 |a 63413507 
856 4 |u https://www.elibrary.ru/item.asp?id=37221131  |z https://www.elibrary.ru/item.asp?id=37221131 
856 4 |u https://panor.ru/articles/avtomatizirovannye-sistemy-upravleniya-tekhnologicheskimi-protsessami-razrabotka-i-reinzhiniring/5688.html  |z https://panor.ru/articles/avtomatizirovannye-sistemy-upravleniya-tekhnologicheskimi-protsessami-razrabotka-i-reinzhiniring/5688.html 
942 |c CF